Statistics for Pokémon Evil Teams

Click here to take the quiz!

General Stats

  • This quiz has been taken 32 times
    (26 since last reset)
  • The average score is 13 of 16

Answer Stats

RegionAnswer% Correct
KantoGiovanni
100%
KantoRocket
100%
HoennMagma
95%
KalosFlare
90%
SinnohGalactic
90%
UnovaPlasma
90%
HoennAqua
85%
AlolaSkull
85%
HoennArchie
80%
SinnohCyrus
80%
KalosLysandre
80%
HoennMaxie
75%
UnovaGhetsis
70%
AlolaGuzma
70%
GalarYell
70%
JohtoArcher
45%

Score Distribution

Percentile by Number Answered

Percent of People with Each Score

Your Score History

You have not taken this quiz since the last reset